A framework for City-Regions (Record no. 105213)

MARC details
000 -LEADER
fixed length control field 01675cam a2200253 4500
001 - CONTROL NUMBER
control field ##L132679
008 - FIXED-LENGTH DATA ELEMENTS--GENERAL INFORMATION
fixed length control field 060228n2006 000 0 eng u
020 ## - INTERNATIONAL STANDARD BOOK NUMBER
International Standard Book Number 139781851128365
035 ## - SYSTEM CONTROL NUMBER
System control number (Sirsi) u132679
041 0# - LANGUAGE CODE
Language code of text/sound track or separate title eng
050 04 - LIBRARY OF CONGRESS CALL NUMBER
Classification number 711.42 $2 18
110 1# - MAIN ENTRY--CORPORATE NAME
Corporate name or jurisdiction name as entry element United Kingdom
Subordinate unit Office of the Deputy Prime Minister
245 02 - TITLE STATEMENT
Title A framework for City-Regions
260 ## - PUBLICATION, DISTRIBUTION, ETC.
Place of publication, distribution, etc. London
Name of publisher, distributor, etc. ODPM
Date of publication, distribution, etc. 2006
520 ## - SUMMARY, ETC.
Summary, etc. This ODPM-commissioned research on City-Regions has been published to underpin any sustained future move towards a clear national policy for City-Regions. City-regions are the enlarged territories from which core urban areas draw people for work and services such as shopping, education, health and entertainment. They are functional entities within which business and services operate. City-regional economies play a strong role in driving forward the economies of their regions. The city-regional scale reflects the geography of everyday life rather than the administrative boundaries. Four working papers on aspects of City-Regions have also been published to accompany the main report: on mapping, policy and practice lessons from France, Germany and the Netherlands, travel and regional economic development policy
590 ## - LOCAL NOTE (RLIN)
Local note IKA280206
650 24 - SUBJECT ADDED ENTRY--TOPICAL TERM
Topical term or geographic name entry element CITY-REGIONS
690 ## - LOCAL SUBJECT ADDED ENTRY--TOPICAL TERM (OCLC, RLIN)
Topical term or geographic name as entry element ENVIRONMENTAL AND LAND CONSULTANCY-PLANNING AND DEVELOPMENT-STRATEGIC PLANNING
700 1# - ADDED ENTRY--PERSONAL NAME
Personal name Marvin, Simon
700 1# - ADDED ENTRY--PERSONAL NAME
Personal name Harding, Alan
700 1# - ADDED ENTRY--PERSONAL NAME
Personal name Robson, Brian
856 40 - ELECTRONIC LOCATION AND ACCESS
Uniform Resource Identifier <a href="https://webarchive.nationalarchives.gov.uk/+/http://www.communities.gov.uk/documents/citiesandregions/pdf/143846.pdf">https://webarchive.nationalarchives.gov.uk/+/http://www.communities.gov.uk/documents/citiesandregions/pdf/143846.pdf</a>
Public note View the item free of charge in the National Archive
942 ## - ADDED ENTRY ELEMENTS (KOHA)
Suppress in OPAC 0
Holdings
Withdrawn status Lost status Source of classification or shelving scheme Damaged status Not for loan Home library Current library Shelving location Date acquired Total Checkouts Full call number Barcode Date last seen Copy number Price effective from Koha item type
    Dewey Decimal Classification     Virtual Virtual Online 28/02/2006   ONLINE PUBLICATION 132679-2001 06/08/2019 1 06/08/2019 Book